Statistiques concernant Among Us

Cliquez ici pour prendre le quiz!

Statistiques générales

  • Ce quiz a été pris 541 fois
    (417 depuis la dernière actualisation)
  • Le résultat moyen est 16 sur 24

Statistiques - réponses

IndiceRéponse% Correct
CouleurBleu
96%
CouleurRouge
96%
CouleurNoir
93%
Nombre maximum d'imposteurs3
92%
Nombre maximum de joueurs10
90%
CouleurVert
90%
Nombre minimum de joueurs4
86%
CouleurJaune
85%
CouleurRose
85%
CouleurMauve
84%
CouleurBlanc
82%
Action lorsqu'on trouve un corpsReport
79%
CouleurOrange
76%
Façon que l'imposteur gagneVote / Kill / Sabotage
74%
CouleurCyan
61%
Ce que peut faire un fantôme crewmateTasks
56%
Ce que peut faire un fantôme imposteurSabotage
55%
Façon que le crewmate gagneVote / Tasks
55%
Action que l'on peut faire au vote (pas vote)Skip
47%
Lorsque le vote nous défavoriseEject
34%
CouleurLime
33%
Lieu du bouton qui ramène au voteCafeteria
31%
CouleurBrun
28%
Action pour se déplacerVent
26%

Distribution des résultats

Percentile par nombre de réponses

% des personnes avec chaque résultat

Votre développement - résultats

Vous n’avez pas pris ce quiz depuis la dernière actualisation